Most Receiving Yards Ever by a Rookie for Every Team - Statistics

General Stats
  • This quiz has been taken 7 times
  • The average score is 19 of 32
Answer Stats
Team Yards Player % Correct
DET 912 Amon-Ra St. Brown
100%
HOU 976 Andre Johnson
100%
PHI 916 Devonta Smith
100%
CIN 1,455 Ja'Marr Chase
100%
PIT 917 Juju Smith-Schuster
100%
MIN 1,400 Justin Jefferson
100%
CLE 986 Kevin Johnson
100%
NOS 1,137 Michael Thomas
100%
LAR 1,486 Puka Nacua
100%
NYJ 1,103 Garrett Wilson
83%
MIA 1,015 Jaylen Waddle
83%
SFF 927 Jerry Rice
83%
LAC 1,046 Keenan Allen
83%
NYG 1,305 Odell Beckham Jr.
83%
ARI 1,377 Anquan Boldin
67%
KAN 995 Dwayne Bowe
50%
WAS 926 Gary Clark
50%
CHI 1,124 Harlon Hill
50%
BAL 858 Zay Flowers
50%
LVR 1,070 Amari Cooper
33%
DEN 980 Eddie Royal
33%
SEA 1,039 Joey Galloway
33%
TBB 1,193 Michael Clayton
33%
IND 1,131 Bill Brooks
17%
TEN 1,473 Bill Groman
17%
GBP 1,231 Billy Howton
17%
JAX 865 Justin Blackmon
17%
CAR 1,008 Kelvin Benjamin
17%
ATL 1,026 Kyle Pitts
17%
BUF 982 Sammy Watkins
17%
NEP 1,132 Terry Glenn
17%
DAL 1,003 Bob Hayes
0%
No matching quizzes found
Score Distribution
Percent of People with Each Score
Percentile by Number Answered
Your Score History
You have not taken this quiz